000
00234 a2200097 4500
001
39809
100
_a
Sharma
245
_a
Thermodynamics & Stats Physics
260
_a
Bombay
_b
Himalaya Publishing House
_c
1988
090
_c
24814
_d
24814
942
_a
NUST-CAE
_c
M
_c
16463
999
_c
274882
_d
274882